|
|
|
|
| LEADER |
01950nam a2200313 a 4500 |
| 001 |
2741254 |
| 008 |
091022s1971 enk b 001 0 eng d |
| 010 |
|
|
|a 78130907
|
| 020 |
|
|
|a 97805210785288 hardback
|
| 020 |
|
|
|a 9780521088077 paperback
|
| 020 |
|
|
|a 0521078520
|
| 040 |
|
|
|a DLC
|c DLC
|d DLC
|
| 082 |
0 |
0 |
|a 346/.052
|2 17
|
| 100 |
1 |
|
|a Coulson, Noel J.
|q (Noel James)
|9 16124
|
| 245 |
1 |
0 |
|a Succession in the Muslim family /
|c N. J. Coulson.
|
| 260 |
|
|
|a Cambridge [Eng.]
|b University Press,
|c 1971.
|
| 300 |
|
|
|a v, 286 pages
|c 24 cm.
|
| 504 |
|
|
|a Includes bibliographical references and index.
|
| 541 |
1 |
|
|e 00015253
|
| 650 |
|
0 |
|a Inheritance and succession (Islamic law).
|9 16125
|
| 852 |
4 |
|
|a Ayesha Abed Library
|j General Shelf
|
| 942 |
|
|
|2 ddc
|c BK
|
| 999 |
|
|
|c 5070
|d 5070
|
| 952 |
|
|
|0 0
|1 0
|2 ddc
|4 0
|6 346_052000000000000_COU_1971
|7 0
|9 4914
|a BRACUL
|b BRACUL
|c GEN
|d 2009-11-03
|g 150.00
|l 5
|m 19
|o 346.052 COU
|p 3010015253
|r 2025-06-18
|s 2025-02-11
|t 1
|w 2009-11-03
|y BK
|
| 952 |
|
|
|0 0
|1 0
|2 ddc
|4 0
|6 346_052000000000000_COU_1971
|7 0
|9 8246
|a BRACUL
|b BRACUL
|c GEN
|d 2010-02-17
|l 4
|m 44
|o 346.052 COU
|p 3010015278
|r 2024-05-13
|s 2024-04-29
|t 2
|w 2010-02-17
|y BK
|
| 952 |
|
|
|0 0
|1 0
|2 ddc
|4 0
|6 346_052000000000000_COU
|7 0
|9 56758
|a BRACUL
|b BRACUL
|c GEN
|d 2015-11-11
|e Riza Enterprise
|g 3800.00
|l 3
|m 14
|o 346.052 COU
|p 3010030262
|q 2026-05-18
|r 2026-02-01
|s 2026-02-01
|t 3
|w 2015-11-11
|y BK
|
| 952 |
|
|
|0 0
|1 4
|2 ddc
|4 0
|6 346_052000000000000_COU
|7 0
|9 56759
|a BRACUL
|b BRACUL
|c GEN
|d 2015-11-11
|e Riza Enterprise
|g 3800.00
|l 3
|m 33
|o 346.052 COU
|p 3010030263
|r 2018-01-15
|s 2017-06-08
|t 4
|w 2015-11-11
|y BK
|x Koha Inventory 2020
|
| 952 |
|
|
|0 0
|1 0
|2 ddc
|4 0
|6 346_052000000000000_COU
|7 0
|9 56760
|a BRACUL
|b BRACUL
|c GEN
|d 2015-11-11
|e Riza Enterprise
|g 3800.00
|l 6
|m 15
|o 346.052 COU
|p 3010030264
|r 2026-03-04
|s 2026-03-02
|t 5
|w 2015-11-11
|y BK
|
| 952 |
|
|
|0 0
|1 0
|2 ddc
|4 0
|6 346_052000000000000_COU
|7 0
|9 56761
|a BRACUL
|b BRACUL
|c GEN
|d 2015-11-11
|e Riza Enterprise
|g 3800.00
|l 5
|m 50
|o 346.052 COU
|p 3010030265
|r 2026-01-13
|s 2025-09-22
|t 6
|w 2015-11-11
|y BK
|